[Event "15th Avicenna Open Masters 2018"]
[Site "Avicenna"]
[Date "2018.08.20"]
[Round "5"]
[White "Pour Agha Bala, Amirreza"]
[Black "Matinian, Nikita"]
[Result "0-1"]
[WhiteElo "2272"]
[BlackElo "2506"]
[Annotator "ChessBase"]
[PlyCount "114"]
[EventDate "2018.08.17"]
[EventType "swiss"]
[EventCountry "IRI"]
[SourceTitle "playchess.com"]
[Source "ChessBase"]
[SourceQuality "1"]
[TimeControl "5400+30"]

1. e4 {[%emt 0:00:00]} c5 {[%emt 0:00:00]} 2. Nf3 {[%emt 0:00:00]} d6 {[%emt 0:00:00]} 3. d4 {[%emt 0:00:00]} cxd4 {[%emt 0:00:00]} 4. Nxd4 {[%emt 0:00:00]} Nf6 {[%emt 0:00:00]} 5. Nc3 {[%emt 0:00:02]} a6 {[%emt 0:00:00]} 6. Bg5 {[%emt 0:02:47]} Nbd7 {[%emt 0:00:00]} 7. Qe2 {[%emt 0:01:02]} h6 {[%emt 0:00:11]} 8. Bxf6 {[%emt 0:00:11]} Nxf6 {[%emt 0:00:06]} 9. O-O-O {[%emt 0:00:08]} e5 {[%emt 0:03:15]} 10. Nf5 {[%emt 0:00:41]} Be6 {[%emt 0:04:33]} 11. Ne3 {[%emt 0:08:06]} Rc8 {[%emt 0:00:57]} 12. Ned5 {[%emt 0:01:54]} Nxd5 {[%emt 0:09:13]} 13. exd5 {[%emt 0:03:06]} Bd7 {[%emt 0:02:26]} 14. f4 {[%emt 0:05:08]} Qf6 {[%emt 0:09:00]} 15. g3 {[%emt 0:04:31]} Be7 {[%emt 0:01:09]} 16. Bg2 {[%emt 0:01:54]} exf4 {[%emt 0:09:56]} 17. Rhf1 {[%emt 0:05:36]} O-O {[%emt 0:04:42]} 18. Rxf4 {[%emt 0:25:15]} Qe5 {[%emt 0:08:41]} 19. Qxe5 {[%emt 0:11:23]} dxe5 {[%emt 0:00:04]} 20. Rff1 {[%emt 0:00:07]} f5 {[%emt 0:00:08]} 21. d6 {[%emt 0:00:32]} Bg5+ {[%emt 0:00:04]} 22. Kb1 {[%emt 0:00:03]} e4 {[%emt 0:00:13]} 23. h4 {[%emt 0:01:02]} Bd8 {[%emt 0:01:41]} 24. Nd5 {[%emt 0:02:39]} Re8 {[%emt 0:05:50]} 25. Bh3 {[%emt 0:13:33]} Re5 {[%emt 0:00:19]} 26. Ne3 {[%emt 0:00:36]} g6 {[%emt 0:00:27]} 27. g4 {[%emt 0:00:24]} Bxh4 {[%emt 0:10:30]} 28. gxf5 {[%emt 0:00:42]} Bg5 {[%emt 0:00:16]} 29. Ng4 {[%emt 0:03:23]} Rxf5 {[%emt 0:00:27]} 30. Rfe1 {[%emt 0:00:00]} Re8 {[%emt 0:02:40]} 31. Ne3 {[%emt 0:04:30]} Rf7 {[%emt 0:01:20]} 32. Bxd7 {[%emt 0:00:01]} Rxd7 {[%emt 0:00:04]} 33. c4 {[%emt 0:00:08]} b6 {[%emt 0:01:31]} 34. b4 {[%emt 0:01:00]} Rc8 {[%emt 0:00:31]} 35. Rd4 {[%emt 0:00:17]} Rc6 {[%emt 0:01:48]} 36. Rxe4 {[%emt 0:04:57]} Rcxd6 {[%emt 0:00:54]} 37. Ng4 {[%emt 0:00:25]} Kg7 {[%emt 0:00:37]} 38. a4 {[%emt 0:00:33]} Bd2 {[%emt 0:00:56]} 39. Re7+ {[%emt 0:00:19]} Rxe7 {[%emt 0:00:05]} 40. Rxe7+ {[%emt 0:00:01]} Kf8 {[%emt 0:00:06]} 41. Ra7 {[%emt 0:00:43]} Bxb4 {[%emt 0:02:03]} 42. Nxh6 {[%emt 0:00:22]} a5 {[%emt 0:00:56]} 43. Nf7 {[%emt 0:00:24]} Re6 {[%emt 0:00:40]} 44. Ng5 {[%emt 0:00:29]} Re7 {[%emt 0:00:22]} 45. Ra8+ {[%emt 0:00:21]} Kg7 {[%emt 0:00:04]} 46. Kc2 {[%emt 0:00:07]} Kf6 {[%emt 0:00:18]} 47. Nf3 {[%emt 0:00:11]} Re3 {[%emt 0:00:10]} 48. Nd4 {[%emt 0:01:10]} Rc3+ {[%emt 0:00:49]} 49. Kb2 {[%emt 0:00:02]} Rxc4 {[%emt 0:00:08]} 50. Nb3 {[%emt 0:00:05]} g5 {[%emt 0:00:44]} 51. Kb1 {[%emt 0:00:35]} g4 {[%emt 0:00:20]} 52. Rb8 {[%emt 0:00:12]} Kf5 {[%emt 0:00:33]} 53. Rxb6 {[%emt 0:00:24]} g3 {[%emt 0:00:05]} 54. Rb5+ {[%emt 0:00:17]} Kg4 {[%emt 0:00:18]} 55. Rb7 {[%emt 0:00:52]} g2 {[%emt 0:00:20]} 56. Rg7+ {[%emt 0:00:18]} Kf3 {[%emt 0:00:15]} 57. Nc1 {[%emt 0:00:23]} Rxc1+ {[%emt 0:00:43]} 0-1

[Event "15th Avicenna Open Masters 2018"]
[Site "Avicenna"]
[Date "2018.08.20"]
[Round "5"]
[White "Aghaei, Alireza"]
[Black "Pavlov, Sergey"]
[Result "1/2-1/2"]
[WhiteElo "2256"]
[BlackElo "2496"]
[Annotator "TA"]
[PlyCount "153"]
[EventDate "2018.08.17"]
[EventType "swiss"]
[EventCountry "IRI"]
[SourceTitle "playchess.com"]
[Source "ChessBase"]
[SourceQuality "1"]

{[%evp 23,153,-14,-20,-10,-9,-12,-21,-63,0,-16,-17,-19,-18,0,-6,-70,-65,-74,-74,-75,-78,-102,-89,-84,-83,-87,-87,-143,-146,-150,-147,-129,-54,-52,-41,-47,-14,-69,-69,-69,-69,-69,-69,-69,-69,-69,-69,-69,-69,-69,-71,-106,-106,-125,-146,-240,-106,-106,-87,-168,0,0,0,-106,0,0,0,-106,-97,-282,0,-106,-106,-106,-12,-106,-106,-106,-106,-106,0,0,-188,-231,0,-260,0,-277,-281,-281,-283,-291,0,-265,-275,-282,0,0,0,0,0,0,0,0,0,0,0,0,0,-322,0,0,0,-337,0,0,0,0,0,0,0,0,0,0,0,0,0,0,0,0,0,0]} 1. d4 Nf6 2. Bg5 Ne4 3. Bf4 c5 4. f3 Qa5+ 5. c3 Nf6 6. d5 e6 7. e4 exd5 8. exd5 d6 {A45: Trompowsky Attack} 9. Qd2 Be7 10. c4 Qxd2+ 11. Kxd2 b5 12. Nc3 bxc4 {LiveBook: 4 Games} 13. Bxc4 Nbd7 {[%cal Bb8d7,Bd7b6,Bb6d5,Bd5b4][%mdl 32]} 14. Re1 {[#]} Nb6 $146 ({Predecessor:} 14... Kd8 15. Nh3 Nb6 16. b3 {0-1 (31) Svane,R (2506)-Areshchenko,A (2654) Germany 2014}) 15. Bd3 Nfxd5 (15... Kf8 $15) 16. Nxd5 Nxd5 17. Bxd6 Be6 18. Bxe7 Kxe7 19. Nh3 (19. Be4 $11) 19... Rhd8 $15 20. Kc1 Nb4 21. Bb1 Kf8 $36 {[%mdl 2048] White is under strong pressure.} 22. Ng5 Bxa2 ({Much worse is} 22... Nxa2+ $6 23. Bxa2 Bxa2 24. Nxh7+ Kg8 25. Ng5 $11) 23. Bxa2 Nxa2+ 24. Kb1 Nb4 25. Rd1 ({White should try} 25. Nxh7+ Kg8 26. Ng5) 25... Nd3 $17 26. Nxh7+ Kg8 27. Ng5 Rab8 ({Black should play} 27... c4 $1 $17 28. Kc2 Rab8) 28. Rd2 $15 c4 29. Ne4 Rd7 30. Nf2 (30. Rc1 $1 $11) 30... Nxf2 $1 31. Rxf2 {[%mdl 4096] Endgame KRR-KRR} c3 $1 32. Rc1 cxb2 33. Rxb2 Rxb2+ 34. Kxb2 {KR-KR} Rd2+ $1 35. Kc3 $1 {[%cal Rc3d2]} Rxg2 36. Kd3 $1 Ra2 37. Ke3 a5 {[%cal Ba7a5,Ba5a4][%mdl 32]} 38. Rc5 a4 ({Don't take} 38... Rxh2 39. Rxa5 f6 40. Kf4 $11) 39. Ra5 (39. Rc8+ $17 Kh7 40. Ra8) 39... Kh7 ({Less strong is} 39... Rxh2 40. Rxa4 Kh7 41. Ra7 $15) (39... a3 $19 {has better winning chances.} 40. Ke4 g6) 40. h4 $17 Kh6 41. Kf4 (41. Ra6+ $17 g6 42. Ra8) 41... g6 $2 (41... a3 $1 $19 42. Rf5 Rh2) 42. Kg3 a3 43. Ra7 (43. Ra8 $1 $11 Ra1 44. Kg4) 43... Kg7 (43... Ra1 $1 $17 44. Ra5 Kg7) 44. Ra6 $1 $11 Ra1 45. Kh2 (45. Kg2 $1 $11 Kf8 46. Kg3) 45... Kh6 $17 46. Ra7 $2 (46. Ra5 $17 a2 47. Kg2) 46... Kg7 $2 (46... Kh5 $1 $19 {[%cal Rh5h4] and Black stays clearly on top.} 47. Ra4 a2) 47. Ra6 $1 Kf8 48. Ra7 Ke8 (48... a2 $17 49. Kg2 Ke8) 49. Kg3 (49. Kg2 $1 $11 {keeps the balance.} a2 50. f4) 49... a2 50. Kg2 {[#]} Kf8 $1 {[%cal Rf8e8]} 51. Ra8+ {[#]} Ke7 (51... Kg7 $1 $17 {[%cal Rg7f6]} 52. Ra6 f5) 52. Ra6 $19 Kd7 53. Ra7+ Ke6 $2 (53... Kc6 $19 54. f4 f5) 54. Ra5 $2 {[%mdl 8192]} (54. Ra8 $1 $11 Kd5 55. Ra4) 54... Kf6 $2 (54... Kd6 $19 {Hoping for ...Kc6.} 55. Ra6+ Kc5) 55. Ra6+ $2 {[%mdl 8192]} (55. Ra8 $1 $11 {and White has nothing to worry.} Ke5 56. Ra4) 55... Ke5 56. Ra4 Kf5 57. Ra7 Ke5 58. Ra4 $1 Kd5 59. Ra8 f5 $2 (59... Kc4 $19 60. Rc8+ Kb5) 60. Ra4 Ke5 61. Ra5+ Kf4 62. Ra3 Ke5 {Threatens to win with ...Kd4.} 63. Ra4 Kf6 64. Ra7 Ke6 65. Ra5 Kf7 66. Ra7+ $2 {[%mdl 8192]} (66. h5 $11) 66... Kg8 $2 (66... Ke8 $19 {White must now prevent ...Kd8.} 67. Kh2 Kd8) 67. Ra8+ $11 Kg7 68. Ra7+ $2 {[%mdl 8192]} (68. Ra5 $1 $11 Kf6 69. Kh2) 68... Kh6 $2 ({Better is} 68... Kf6 $19 {Strongly threatening ...Ke6.} 69. Ra5 Ke6) 69. Ra8 $1 {The position is equal.} g5 70. hxg5+ Kxg5 (70... Kg6 $5 71. f4 $8 Kf7 $11) 71. Ra4 Kf6 {aiming for ...Kg5.} 72. Ra5 Ke6 {And now ...Kd6 would win.} 73. Ra6+ Kd5 74. Ra8 Kd4 {...Kd3 is the strong threat.} 75. Rd8+ Ke3 76. Re8+ Kf4 {( -> ...Rc1)} 77. Ra8 {Precision: White = 48%, Black = 59%.} 1/2-1/2

[Event "15th Avicenna Open Masters 2018"]
[Site "Avicenna"]
[Date "2018.08.21"]
[Round "6"]
[White "Matinian, Nikita"]
[Black "Atakhan, Abtin"]
[Result "1-0"]
[WhiteElo "2506"]
[BlackElo "2080"]
[Annotator "TA"]
[PlyCount "47"]
[EventDate "2018.08.17"]
[EventType "swiss"]
[EventCountry "IRI"]
[SourceTitle "playchess.com"]
[Source "ChessBase"]
[SourceQuality "1"]

{[%evp 24,47,10,0,31,0,33,35,41,0,331,102,406,380,636,639,645,452,1050,1072,1034,1000,1363,1367,1872,1848]} 1. e4 c5 2. Nf3 Nc6 3. Bb5 g6 4. Bxc6 bxc6 5. O-O Bg7 6. Re1 Nh6 7. c3 O-O 8. d4 cxd4 9. cxd4 d5 10. e5 {B31: Sicilian: 2...Nc6 3 Bb5 g6} f6 11. exf6 exf6 12. h3 Nf7 {[%cal Bh6f7,Bf7d6,Bd6c4][%mdl 32]} 13. Nc3 {LiveBook: 4 Games} Nd6 14. Qa4 $146 ({Predecessor:} 14. b3 Rf7 {0-1 (71) Farmani Anosheh,A (2300)-Milov,V (2615) Baden 2016}) 14... Qb6 15. Bf4 Nc4 16. Re7 {b3 is the strong threat.} Qxb2 $2 {[%mdl 8192] [#]} (16... Nxb2 $11 17. Qa3 Bf5) 17. Rb1 $2 (17. Rae1 $1 $18 {is the precise move to win.}) 17... Qxc3 $4 {[%mdl 8192]} (17... Qa3 $16 18. Rxg7+ (18. Qxc6 Qxe7 19. Qxa8 Nb6 $11) 18... Kxg7 19. Qxc6 Ba6) 18. Qxc6 $18 Qc2 $2 (18... Qa3) 19. Rc1 {White is clearly winning.} Qf5 20. Qxa8 Qxf4 (20... Kh8 $142 21. Bg3 g5 22. Rxa7 h5) 21. Qxd5+ Kh8 22. Rxc4 Bf5 23. Rcc7 Rb8 {[#]} 24. Qb7 $1 {[%mdl 512] Precision: White = 23%, Black =  5%.} 1-0

[Event "15th Avicenna Open Masters 2018"]
[Site "Avicenna"]
[Date "2018.08.21"]
[Round "6"]
[White "Pavlov, Sergey"]
[Black "Noroozi, Omid"]
[Result "1-0"]
[WhiteElo "2496"]
[BlackElo "2326"]
[Annotator "TA"]
[PlyCount "53"]
[EventDate "2018.08.17"]
[EventType "swiss"]
[EventCountry "IRI"]
[SourceTitle "playchess.com"]
[Source "ChessBase"]
[SourceQuality "1"]

{[%evp 22,53,45,26,26,19,27,19,23,24,208,191,222,212,227,227,222,232,281,270,290,281,373,362,377,368,382,382,377,368,622,655,727,723]} 1. e4 c5 2. Nf3 d6 3. d4 cxd4 4. Nxd4 Nf6 5. f3 Nc6 6. c4 Qb6 7. Nc2 g6 8. Nc3 Bg7 9. Rb1 Ng4 {B55: Sicilian: 2...d6 3 d4 cxd4 4 Nxd4 Nf6 5 f3} 10. Qd2 Bh6 11. Qe2 Bxc1 12. Nd5 {LiveBook: 21 Games} (12. Rxc1 $5 {[%cal Rf3g4]} Nge5 13. Qd2 $11) 12... Qa5+ 13. b4 Qd8 $1 14. Rxc1 e6 $1 15. Nc3 Nxh2 $146 (15... Qg5 $11 {and Black has nothing to worry.} 16. Qd2 Qxd2+ 17. Kxd2 Nf6) ({Predecessor:} 15... Qg5 16. Qd2 Qxd2+ 17. Kxd2 {½-½ (53) Kasparov,S (2462)-Greenfeld,A (2490) Kathmandu 2018}) 16. Rxh2 $18 {Black must now prevent Qd2.} Qg5 17. Kd1 Qe5 {[#]} 18. Nb5 $1 {[%cal Rb5c7]} Qxh2 19. Nc7+ Kd7 20. Nxa8 b6 21. Qe3 Bb7 {[#]} 22. Nxb6+ $1 axb6 23. Qxb6 Rb8 24. b5 Nd8 {If only Black now had time for ...f5....} 25. Nb4 Qh1 $2 (25... Rc8 26. a4 Qh5) 26. Ke2 Ra8 27. Rd1 {Precision: White = 84%, Black = 38%.} 1-0

[Event "15th Avicenna Open Masters 2018"]
[Site "Avicenna"]
[Date "2018.08.21"]
[Round "6"]
[White "Toufighi, Homayoon"]
[Black "Asgarizadeh, Ahmad"]
[Result "1/2-1/2"]
[WhiteElo "2449"]
[BlackElo "2416"]
[Annotator "TA"]
[PlyCount "56"]
[EventDate "2018.08.17"]
[EventType "swiss"]
[EventCountry "IRI"]
[SourceTitle "playchess.com"]
[Source "ChessBase"]
[SourceQuality "1"]

{[%evp 17,56,0,0,-30,-39,-35,-19,-25,-22,-12,0,0,-10,-2,0,0,0,0,0,0,0,0,0,0,24,0,6,12,27,12,0,-69,-15,-16,0,0,0,0,0,0,0]} 1. d4 d5 2. Nf3 Nf6 3. g3 c5 4. Bg2 cxd4 5. Nxd4 e5 6. Nb3 Be6 {D02: Damenbauernspiele} 7. O-O h6 (7... Be7 8. Bg5 Nbd7 9. Nc3 Rc8 10. e3 h6 11. Bxf6 Nxf6 12. Qe2 Qb6 13. Rfd1 e4 14. a4 {0-1 (29) Panchanathan,M (2494)-Vidit,S (2670) Reykjavik 2017}) 8. c4 Nc6 9. cxd5 Nxd5 {LiveBook: 6 Partien} 10. Nc3 Nxc3 11. bxc3 Qc7 12. Be3 Rd8 13. Qc2 $146 ({Vorgänger:} 13. Qb1 Be7 14. Nc5 Bc8 15. Qb5 O-O 16. Rab1 {1-0 (31) Castaneda,C (2148)-Malbran,G (2345) Buenos Aires 2003}) 13... Be7 14. Nc5 Bd5 15. Bh3 Bxc5 16. Bxc5 Qa5 17. Be3 {zielt auf c4 ab.} Qa6 18. Rfd1 O-O 19. Rd2 Bc4 20. Rad1 Qa5 21. Rd7 Rxd7 22. Rxd7 Qa6 23. Qd2 Bxe2 24. Bc5 (24. Bf5 $11) 24... Re8 ({Günstiger ist} 24... Qb5 $15 25. Bb4 Nxb4 26. cxb4 Bf3) 25. Rxf7 $1 $11 {[#] jetzt Dd7 und aus.Die Stellung ist ausgeglichen.} Kxf7 26. Qd5+ Kg6 27. Qe4+ ({Nicht} 27. Qd7 $2 Qd3 $19) 27... Kf7 28. Qd5+ Kg6 {Precision: Weiß = 71%, Schwarz = 56%.} 1/2-1/2

[Event "15th Avicenna Open Masters 2018"]
[Site "Avicenna"]
[Date "2018.08.21"]
[Round "6"]
[White "Khodashenas, Mersad"]
[Black "Mousavi, Seyed Khalil"]
[Result "1-0"]
[WhiteElo "2440"]
[BlackElo "2458"]
[Annotator "TA"]
[PlyCount "105"]
[EventDate "2018.08.17"]
[EventType "swiss"]
[EventCountry "IRI"]
[SourceTitle "playchess.com"]
[Source "ChessBase"]
[SourceQuality "1"]

{[%evp 20,105,31,19,26,31,31,24,39,37,46,49,45,20,56,50,66,54,75,75,64,57,68,60,66,25,66,67,65,60,61,37,36,43,44,27,62,27,29,0,73,52,64,25,19,19,33,31,37,0,0,0,9,0,8,0,0,0,0,0,0,0,0,0,0,0,140,120,151,159,331,262,437,393,516,491,1111,961,2024,1970,2068,2002,1776,1761,1672,1592,1581,1434]} 1. e4 e6 2. d4 d5 3. Nd2 {[%cal Bb1d2,Bd2e4,Be4g3][%mdl 32]} dxe4 4. Nxe4 Bd7 5. Nf3 Bc6 6. Bd3 Nd7 7. O-O Ngf6 8. Ng3 Be7 9. c3 O-O 10. Re1 b6 {C10: Französische Verteidigung (Rubinstein-Variante)} 11. Qe2 {LiveBook: 5 Partien} Bb7 12. Nf5 (12. Bf4 {is interesting.} c5 13. Rad1 Nd5 14. Bd2 N5f6 15. dxc5 Nxc5 16. Bc2) 12... exf5 {Weiß steht etwas besser.} 13. Qxe7 {[#]} Qc8 $146 ({Vorgänger:} 13... Qxe7 14. Rxe7 Be4 15. Bc4 Rae8 16. Rxe8 Rxe8 17. Bd2 h6 18. Nh4 {1-0 (39) Chopin,P (2518)-Brooks,I (2591) ICCF email 2005}) 14. Bxf5 Bxf3 15. Bxd7 $1 Nxd7 16. gxf3 Nf6 {[#] Droht stark ...Te8.} 17. Bf4 $1 {[%cal Bc1f4,Bf4g3,Bg3h4][%mdl 32]} Nd5 18. Qg5 Rd8 19. Bg3 h6 20. Qh5 Qb7 21. Re5 c5 22. Rd1 c4 23. Rde1 b5 24. Bh4 f6 25. Re8+ Rxe8 26. Rxe8+ Rxe8 27. Qxe8+ Kh7 28. Qe4+ Kg8 29. Qe8+ Kh7 30. Bg3 Nb6 31. Qe4+ (31. Kg2 {keeps more tension.} Qd7 32. Qxd7 Nxd7 33. Bc7 Kg6 34. Kg3) 31... Qxe4 32. fxe4 $11 {[%mdl 4096] Endspiel Und weiter mit Ld6 wäre nett. KL-KS} Na4 33. d5 {Schwarz muss nun b3 beachten.} Kg8 34. Bc7 Kf7 35. Kf1 Nxb2 36. Ke2 Ke7 37. Ba5 Nd3 38. Ke3 g5 39. f3 h5 40. a3 h4 41. Bb4+ Kd7 42. Bf8 {und nun wäre Lg7 stark für Weiss.} a5 (42... Ke8 $11 43. Bd6 a6) 43. Bg7 $16 Ke7 {[#]} 44. d6+ $1 {[%mdl 512]} Kxd6 $2 (44... Ke6 $16 {ist wohl besser.}) 45. Bxf6 $18 Ne1 $2 (45... g4 46. fxg4 Ne1 47. e5+ Ke6) 46. Bxg5 Nc2+ 47. Kd2 {Weiß steht klar auf Gewinn.} Nxa3 (47... Na1 $142 48. Bxh4 Nb3+ 49. Ke2 Ke6) 48. Bd8 b4 49. Bxa5 bxc3+ 50. Kxc3 {Droht Lb4+ und aus.} Ke5 51. Bb4 Nb5+ 52. Kxc4 Nc7 53. Kd3 {Precision: Weiß = 72%, Schwarz = 48%.} 1-0

[Event "15th Avicenna Open Masters 2018"]
[Site "Avicenna"]
[Date "2018.08.21"]
[Round "6"]
[White "Czebe, Attila"]
[Black "Molaei, Mohammadamin"]
[Result "1-0"]
[WhiteElo "2411"]
[BlackElo "2377"]
[Annotator "TA"]
[PlyCount "65"]
[EventDate "2018.08.17"]
[EventType "swiss"]
[EventCountry "IRI"]
[SourceTitle "playchess.com"]
[Source "ChessBase"]
[SourceQuality "1"]

{[%evp 23,65,13,15,18,8,8,25,17,36,24,147,163,249,232,271,256,270,244,258,233,274,274,263,254,384,373,395,365,395,389,367,391,320,200,213,197,525,521,598,587,784,811,773,760]} 1. d4 Nf6 2. g3 g6 3. c4 Bg7 4. Bg2 d5 5. cxd5 Nxd5 6. e4 Nb6 7. Ne2 O-O 8. Nbc3 c5 9. d5 e6 10. O-O exd5 11. exd5 Na6 {D72: Fianchetto Grünfeld: 5 cxd5 Nxd5 6 e4 Nb6 (without Nf3)} 12. h3 Nc4 {LiveBook: 9 Games} 13. Ne4 $146 ({Predecessor:} 13. b3 Nd6 14. Bf4 b6 15. Qd2 Bb7 16. Rad1 Nc7 17. g4 Qd7 18. a4 f5 19. g5 Rad8 20. Bg3 f4 21. Nxf4 Nf5 22. Nb5 Nxb5 23. axb5 Nd4 24. Ne6 {0-1 (24) Karpov,A (2619)-Kasparov,G (2812) Valencia 2009}) 13... Nxb2 {The position is equal.} 14. Qc2 $1 Nb4 15. Qb3 N2d3 16. Bg5 f6 (16... Qe8 $11 17. N2c3 Qe5) 17. Be3 $1 $16 b6 (17... Re8 {was worth a try.}) 18. a3 $18 c4 19. Qxc4 Ba6 20. Qb3 Ne5 21. Nf4 ({Inferior is} 21. Qxb4 Bxe2 22. Rfb1 Qd7 $11) 21... Bxf1 22. Rxf1 Na6 23. Ne6 Qd7 (23... Qe7 $142 24. Nxf8 Rxf8 25. d6+ Qf7 26. Nxf6+ Kh8 27. Qxf7 Nxf7) 24. f4 ({Weaker is} 24. Nxf8 Rxf8 25. Rc1 Kh8 $18) 24... Nf7 25. Nxg7 ({Less strong is} 25. Nxf8 Rxf8 26. Bd4 Qd8 $16) 25... Kxg7 {[#]} 26. Nxf6 $1 Kxf6 27. Bd4+ Ke7 {[#] ...Nd6 is the strong threat.} 28. d6+ $1 {[%mdl 512]} Qxd6 29. Re1+ {[%cal Bf1e1,Be1e7,Be7f7][%mdl 32]} Kd7 $2 (29... Kd8) 30. Qa4+ {White is clearly winning.} Kc7 {[#] next ...Nc5 is good for Black.} 31. Re7+ $1 {[%mdl 512]} Kd8 (31... Qxe7 32. Qc6+) 32. Bf6 $1 {Intending Rxa7+ and mate.} Nc5 33. Rxf7+ $1 {Precision: White = 100%, Black = 61%.} 1-0

[Event "15th Avicenna Open Masters 2018"]
[Site "Avicenna"]
[Date "2018.08.21"]
[Round "6"]
[White "Morchiashvili, Bachana"]
[Black "Tahbaz, Arash"]
[Result "0-1"]
[WhiteElo "2382"]
[BlackElo "2449"]
[Annotator "TA"]
[PlyCount "72"]
[EventDate "2018.08.17"]
[EventType "swiss"]
[EventCountry "IRI"]
[SourceTitle "playchess.com"]
[Source "ChessBase"]
[SourceQuality "1"]

{[%evp 19,72,22,20,3,15,2,21,10,25,30,29,-20,-14,-24,-13,-18,-19,-35,-29,-45,-25,-135,0,0,0,0,0,0,0,-59,-11,-21,-17,-22,-40,-59,-45,-52,-27,-36,-42,-63,-50,-54,-59,-113,-110,-462,-447,-475,-467,-29996,-29997,-29998,-29999]} 1. d4 Nf6 2. Nf3 e6 3. e3 Be7 4. Bd3 d5 5. O-O O-O 6. b3 {D05: Colle System with ...e6} c5 7. dxc5 Bxc5 8. Bb2 Nc6 9. Nbd2 b6 (9... Qe7 10. e4 Nxe4 11. Nxe4 dxe4 12. Bxe4 Rd8 13. Qe2 Bd7 14. a3 a5 15. Rfe1 Be8 {½-½ (67) Mamedyarov,S (2799)-Duda,J (2717) Riadh 2017}) 10. a3 a5 {LiveBook: 4 Games} 11. Qe2 Bb7 12. e4 {[%cal Be3e4,Be4e5][%mdl 32]} h6 $146 ({Predecessor:} 12... Be7 13. Rfd1 Qc7 14. c4 dxe4 15. Nxe4 Nxe4 16. Qxe4 {½-½ (33) Giannoulakis,L (2287)-Quparadze,G (2517) Kavala 2018}) 13. Rad1 Re8 14. e5 Nd7 {[%cal Bf6d7,Bd7f8,Bf8h7][%mdl 32]} 15. c4 Qe7 16. Nb1 {[%cal Bd2b1,Bb1c3,Bc3b5,Bb5d6][%mdl 32]} dxc4 17. Bxc4 Red8 18. h4 Nf8 19. h5 Nh7 20. Bc1 (20. Nbd2 $11) 20... Kh8 (20... Nd4 $17 21. Nxd4 Rxd4 22. Rxd4 Bxd4) 21. Nc3 $11 Bxa3 22. Bxa3 Qxa3 23. Nb5 Qe7 24. Rd6 (24. Nd6 $11) 24... Nb4 25. Rxb6 Nd5 26. Bxd5 Bxd5 27. Nd6 Kg8 28. Qe3 Rdb8 {Strongly threatening ...Rxb6.} 29. Rxb8+ Rxb8 30. Nd2 Qh4 $1 31. Qa7 Rf8 {[%cal Bb8f8,Bf8a8,Ba8a1,Ba1f1][%mdl 32] aiming for ...Bxg2!} 32. Qxa5 ({White should play} 32. Qe3 $15) 32... Qg4 $40 {[%csl Gd5][%cal Rg4g2][%mdl 128] White is in trouble.} 33. f3 $2 {[%mdl 8192] [#]} (33. N6e4 $17 {was the crucial defense.}) 33... Qd4+ $1 $19 34. Rf2 Ra8 35. Qc7 (35. Qb5 $19 Ng5 36. Qe2 Ra1+ 37. Nf1 Bxf3 38. Nb5) 35... Ra1+ 36. Nf1 {[#]} Rxf1+ $1 {[%mdl 512] Precision: White = 27%, Black = 52%.} 0-1

[Event "15th Avicenna Open Masters 2018"]
[Site "Avicenna"]
[Date "2018.08.21"]
[Round "6"]
[White "Daghli, Arash"]
[Black "Mosadeghpour, Masoud"]
[Result "1/2-1/2"]
[WhiteElo "2362"]
[BlackElo "2525"]
[Annotator "TA"]
[PlyCount "88"]
[EventDate "2018.08.17"]
[EventType "swiss"]
[EventCountry "IRI"]
[SourceTitle "playchess.com"]
[Source "ChessBase"]
[SourceQuality "1"]

{[%evp 22,88,34,41,72,0,0,0,0,0,0,-6,-6,-4,0,0,0,-8,6,-8,-5,-7,0,0,0,0,0,0,0,0,0,0,0,0,12,12,10,14,9,-5,-8,-8,-8,-8,15,0,0,0,0,0,0,0,0,0,0,0,0,0,0,0,0,0,8,8,20,17,20,8,20]} 1. d4 Nf6 2. c4 g6 3. Nc3 d5 4. cxd5 Nxd5 5. e4 Nxc3 6. bxc3 Bg7 7. Bc4 c5 8. Ne2 Nc6 9. Be3 O-O 10. Rc1 Qc7 11. h4 {[%cal Bh2h4,Bh4h5][%mdl 32] D87: Exchange Grünfeld: Classical Line: Variations without ...cxd4} Rd8 12. h5 {LiveBook: 3 Games} Ne5 (12... b5 13. Bd5 e6 14. Bxc6 Qxc6 15. hxg6 fxg6 16. f3 a5 17. Kf2 Ba6 18. Qg1 b4 {0-1 (45) Fedoseev,V (2664)-Wei,Y (2724) Ningbo 2015}) 13. Qb3 (13. Bb3 $16) 13... b5 $146 {The position is equal.} ({Predecessor:} 13... cxd4 14. cxd4 Nxc4 15. Rxc4 Qd6 16. Rc5 b6 17. Rd5 Qc7 18. hxg6 hxg6 {1-0 (30) Tudosa,D (1935)-Schuele,H (2005) Bayern 1997}) 14. dxe5 bxc4 15. Qxc4 Qxe5 16. hxg6 hxg6 17. f3 Be6 18. Qa4 Bd7 19. Qc4 Qe6 20. Qxe6 Bxe6 21. Bxc5 Bxa2 22. Bxe7 Re8 23. Bc5 f5 24. Ra1 Bc4 25. Ra4 Bb5 26. Rb4 Bd3 27. Kd2 fxe4 28. Nf4 {White wants to play Bd4.} Rad8 29. Bd4 Ba6 $132 {[%mdl 2048] Black is not keeping still} 30. Ke3 g5 31. Nh3 exf3+ 32. Kxf3 Bh6 33. Nf2 Bf8 34. Rb2 Bg7 35. Bxg7 Kxg7 36. Ra1 Re6 37. Ra5 Kg6 38. Nh3 Rd3+ 39. Kf2 Rxc3 40. Nxg5 Rf6+ 41. Nf3 Rcc6 42. Kg3 {[#] And now Ne5+ would win.} Rcd6 43. Ne5+ Kg7 44. Rb4 Rfe6 {Precision: White = 68%, Black = 57%.} 1/2-1/2